Estudio comparativo de eficiencia de las cocinas artesanales Medio Barril con cocinas Mejoradas Onil a través del método Wáter Boiling Test 4.2.3

Presenta el estudio comparativo de eficiencia de las cocinas artesanales Medio Barril con cocinas Mejoradas Onil a través del método Wáter Boiling Test 4.2.3 en el cual se analizó la eficiencia de la cocina energética y las emisiones de gases emitidos por la cocina medio barril en el interior d...

Full description

Bibliographic Details
Main Authors: García González, Alexey José, Guzmán Valverde, Jesser Nahúm
Other Authors: Tutor: Castillo Rayo, María Teresa
Format: Tesis Section = Libro
Language:Undetermined
Spanish
Published: Managua UNI 2017
Subjects:
LEADER 01217nam a2200265Ia 4500
008 240830s9999 xx 000 0 und d
040 |a BIBLIOTECA-RUPAP Mon 641.59 G216 
041 |a spa 
082 |a Mon 641.59 G216 
100 1 |a García González, Alexey José 
100 1 |b  Guzmán Valverde, Jesser Nahúm 
245 1 0 |a Estudio comparativo de eficiencia de las cocinas artesanales Medio Barril con cocinas Mejoradas Onil a través del método Wáter Boiling Test 4.2.3 
260 |a Managua  |b UNI  |c 2017 
300 |a 79 p. :il. 
500 |a Contiene anexos y CD 
502 |a Tesis (Ingeniero Mecánico)- UNI, 2017. 
520 3 |a Presenta el estudio comparativo de eficiencia de las cocinas artesanales Medio Barril con cocinas Mejoradas Onil a través del método Wáter Boiling Test 4.2.3 en el cual se analizó la eficiencia de la cocina energética y las emisiones de gases emitidos por la cocina medio barril en el interior de las viviendas. 
650 7 |a COCINA INTERNACIONAL 
650 7 |b COCINAS MEJORADAS 
650 7 |c MEDICION DE EMISIONES 
650 7 |d METODO WATER BOILING TEST 
700 1 |a Tutor:  |b Castillo Rayo, María Teresa 
942 |c BK  |2 ddc 
991 |a TESIS 
999 |c 16818